000 00316nam a22001217a 4500
008 160210b xxu||||| |||| 00| 0 eng d
050 _aSPC AP101.P81
100 _aPunch
_922222
245 _aPictures from "Punch"
_cPunch
260 _aLondon
_bPunch
_c1904
300 _a4v, vii, 476p. ;
_c30cm.
942 _2lcc
_cSPC
999 _c124149
_d124149